J. Niemiecki - części ciała słownictwo - Statystyki

Ogólne statystyki
  • Ten quiz został rozwiązany 183 razy
  • Średni wynik to 12 z 16
Statystyki odpowiedzi
Niemiecki Polski % Poprawnych
der Arm ręka
96%
der Bauch brzuch
93%
der Finger palec
93%
der Fuß stopa
91%
die Hand dłoń
89%
die Nase nos
89%
das Auge oko
89%
das Haare włosy
89%
der Kopf głowa
85%
das Knie kolano
82%
das Ohr ucho
80%
der Mund usta
71%
das Bein noga
67%
der Hals szyja
66%
der Körperteil część ciała
27%
die Zehe palec u nogi
16%
Nie znaleziono quizów pasujących do podanych kryteriów
Rozkład punktacji
Procent ludzi z każdym wynikiem
Percentyl według liczby udzielonych odpowiedzi
Twoja historia wyników
Nie rozwiązałeś tego quizu